00324nam a2200133Ia 450000500170000000800410001702000150005808200130007310000150008624500320010126000350013330000120016865000100018020250701155824.0240331s9999 xx 000 0 und d a9559567160 bLIYa398 aLiyanage,B 0aKukulu koralaye janaprawada aKuruwitabIsuru Printersc1998 a92 p ., aWomen